Nürnberger und Heidelberger Schriften, 1808-1817 /
Obra en 20 volúmenes publicada por la editorial Suhrkamp, disponibles en Biblioteca, que reúne los escritos de Georg Wilhelm Friedrich Hegel (1770-1831), filósofo alemán, formado en teología y filosofía, catedrático en las universidades de Jena, Heidelberg y Berlín, es considerado como el principal...
שמור ב:
| מחבר ראשי: | |
|---|---|
| מחברים אחרים: | , |
| פורמט: | ספר |
| שפה: | German |
| יצא לאור: |
Frankfurt, Alemania :
Suhrkamp,
1975, c1970
|
| סדרה: | (Theorie-Werkausgabe)
|
| נושאים: | |
| תגים: |
אין תגיות, היה/י הראשונ/ה לתייג את הרשומה!
|
MARC
| LEADER | 00000nam^a2200000^a^4500 | ||
|---|---|---|---|
| 001 | 000318373 | ||
| 005 | 20250521000000.0 | ||
| 009 | 20260310113410.973 | ||
| 037 | |a Acervo Xavier Clavigero | ||
| 041 | |a ALE | ||
| 082 | |a 141. |b HEG OBR SUH V. 4 | ||
| 100 | |a Hegel, Friedrich |e (autor) | ||
| 240 | 1 | 1 | |a [Werke von Hegel in zwanzig Bänden] |
| 245 | 1 | 0 | |a Nürnberger und Heidelberger Schriften, 1808-1817 / |c F. Hegel ; ed. de E. Moldenhauer, K.M. Michel. |
| 264 | 4 | |a Frankfurt, Alemania : |b Suhrkamp, |c 1975, c1970 | |
| 300 | |a 622 p. | ||
| 336 | |a texto |b txt |2 rdacontenido | ||
| 337 | |a sin mediación |b n |2 rdamedio | ||
| 338 | |a volumen |b nc |2 rdasoporte | ||
| 440 | 1 | |a (Theorie-Werkausgabe) | |
| 520 | |a Obra en 20 volúmenes publicada por la editorial Suhrkamp, disponibles en Biblioteca, que reúne los escritos de Georg Wilhelm Friedrich Hegel (1770-1831), filósofo alemán, formado en teología y filosofía, catedrático en las universidades de Jena, Heidelberg y Berlín, es considerado como el principal representante del idealismo alemán y creador de un sistema filosófico que abarca a manera de síntesis diversos campos del saber. El presente V. 4 recoge sus reflexiones de propedéutica filosófica y su experiencia pedagógica de su rectorado en el Gimnasio de Nuremberg entre los años 1808 y 1817, época en los que desarrolla la Ciencia de la lógica y la Enciclopedia de las ciencias filosóficas. | ||
| 649 | |a XX | ||
| 650 | |a Lógica | ||
| 650 | |a Filosofía y Religión | ||
| 650 | |a Filosofía - |x Estudio y Enseñanza | ||
| 650 | |a Discursos Alemanes (Oratoria) | ||
| 650 | |a Informes Escolares | ||
| 650 | |a Idealismo - |x Tema Principal | ||
| 650 | |a Filosofía del Siglo XIX | ||
| 650 | |a Filosofía Alemana | ||
| 700 | |a Moldenhauer, Eva |e (edición) | ||
| 700 | |a Michel, Karl Markus |e (edición) | ||
| 910 | |a Fondo General | ||
| 920 | |a Impresos - Libros | ||
| 930 | |a Colección General | ||
| 905 | |a 101 | ||
| 901 | |a 072429 |b IT1 |c ACC |u 20250521 | ||
| 902 | |a https://opac.biblio.iteso.mx/vufind/Record/000318373 | ||